Инициатор радикальной теломеризации на основе пероксида водорода; Нефтехимия; Т. 43, № 5

Xehetasun bibliografikoak
Parent link:Нефтехимия: научный журнал/ Российская академия наук (РАН).— , 1963-.— 0028-2421
Т. 43, № 5.— 2003.— С. 373-376
Beste egile batzuk: Борисов И. М., Лисицкий В. В., Лапонов А. С., Расулев З. Г.
Hizkuntza:errusiera
Argitaratua: 2003
Gaiak:
Formatua: MixedMaterials Liburu kapitulua
KOHA link:https://koha.lib.tpu.ru/cgi-bin/koha/opac-detail.pl?biblionumber=390286

MARC

LEADER 00000naa2a2200000 4500
001 390286
005 20231101063945.0
035 |a (RuTPU)RU\TPU\prd\23196 
090 |a 390286 
100 |a 20040225a2003 k y0rusy50 ca 
101 0 |a rus 
102 |a RU 
200 1 |a Инициатор радикальной теломеризации на основе пероксида водорода  |f И. М. Борисов, В. В. Лисицкий, А. С. Лапонов, З. Г. Расулев 
320 |a Библиогр.: 9 назв. 
461 1 |0 (RuTPU)RU\TPU\prd\1600  |x 0028-2421  |t Нефтехимия  |o научный журнал  |f Российская академия наук (РАН)  |d 1963- 
463 1 |0 (RuTPU)RU\TPU\prd\20150  |t Т. 43, № 5  |v С. 373-376  |d 2003 
610 1 |a кинетические закономерности 
610 1 |a термическая деструкция 
610 1 |a пероксид водорода 
610 1 |a монокарбоновые кислоты 
610 1 |a алифатические спирты 
610 1 |a радикальный инициатор 
701 1 |a Борисов  |b И. М. 
701 1 |a Лисицкий  |b В. В. 
701 1 |a Лапонов  |b А. С. 
701 1 |a Расулев  |b З. Г. 
801 1 |a RU  |b 63413507  |c 20040225  |g PSBO 
801 2 |a RU  |b 63413507  |c 20131017  |g RCR 
942 |c BK